Quiz di cultura generale #6 - Statistics

Statistiche generali
  • Questo quiz è stato fatto 1.298 volte
  • Il punteggio medio è 9 su 20
Statistiche sulle risposte
DOMANDE RISPOSTE % Corretto
Domanda di prima Eufrate
95%
Quali sono i due fiumi simbolo della Mesopotamia? Tigri
95%
Quale frutto ispirò Newton per la sua famosa teoria? Mela
87%
Di quale nazione era regina Nefertiti? Egitto
85%
Secondo la Bibbia Gesù è nato a Betlemme. Ma dove è cresciuto? Nazareth
66%
Chi era la seconda moglie di Enrico VIII? Anna Bolena
64%
Quale grande deserto si trova tra Cina e Mongolia? Gobi
58%
In quale paese si nascondeva il criminale di guerra nazista Adolf Eichmann quando gli agenti del Mossad lo hanno catturato nel 1960? Argentina
56%
Che premio riceve il top scorer tra tutti i campionati in una sola stagione? Scarpa d'oro
56%
Che cosa significa in italiano l'espressione "Domo arigato"? Grazie
47%
Chi ha interpretato Bella Swan nel film "Twilight"? Kristen Stewart/Stewart
36%
Di quale gruppo musicale fa parte will.i.am? Black Eyed Peas
30%
Quale lingua molto parlata è simile all'Urdu, ma è scritto in maniera diversa? Hindi
26%
Quale navigatore inglese scoprì le Hawaii? Cook/James Cook
24%
Chi fu l'ultimo imperatore di Roma? Romolo Augustolo
24%
Di quale nazione sono originari i biscotti della fortuna? USA/Stati Uniti
22%
Di quale città sono un punto di riferimento le torri della Petronas? Kuala Lumpur
15%
Che tipo di numero sono 8; 27; 125; 64? Cubi perfetti
11%
È la terza città più grande del Sudafrica e il suo nome fa rima con un tipo di copricapo comunemente indossato in India. Che cos'è? Durban
7%
Quale cantante è conosciuto come il Padrino del Soul? James Brown/Brown
7%
Nessun quiz corrispondente trovato
Distribuzione punteggi
Percentuale di utenti per punteggio
Percentile per numero di risposta
I tuoi punteggi nel tempo
Non hai fatto questo quiz